Ski Jumping - Every winner of a world cup event ever - Statistics

General Stats
  • This quiz has been taken 714 times
    64 since last reset
  • The average score is 61 of 173
Answer Stats
Hint Answer % Correct
22 Domen Prevc
95%
24 Peter Prevc
95%
39 Adam Malysz
90%
39 Kamil Stoch
90%
46 Stefan Kraft
88%
1 Junshirō Kobayashi
83%
37 Ryōyū Kobayashi
83%
53 Gregor Schlierenzauer
80%
22 Severin Freund
80%
23 Simon Ammann
80%
36 Janne Ahonen
78%
46 Matti Nykänen
78%
17 Noriaki Kasai
78%
25 Halvor Egner Granerud
76%
11 Dawid Kubacki
73%
2 Piotr Zyla
73%
23 Thomas Morgenstern
73%
11 Anže Lanišek
71%
10 Daniel Tschofenig
71%
8 Marius Lindvik
71%
18 Sven Hannawald
71%
6 Johann André Forfang
68%
15 Karl Geiger
68%
28 Martin Schmitt
68%
5 Jan Hörl
66%
15 Primož Peterka
66%
9 Andreas Wellinger
63%
33 Jens Weißflog
63%
15 Kazuyoshi Funaki
63%
2 Maciej Kot
63%
16 Matti Hautamäki
63%
7 Robert Kranjec
63%
20 Andreas Goldberger
61%
4 Daiki Ito
61%
3 Robert Johansson
61%
5 Timi Zajc
61%
8 Daniel-André Tande
59%
8 Richard Freitag
59%
1 Holger Freitag
59%
6 Jakub Janda
59%
3 Markus Eisenbichler
59%
12 Andreas Kofler
56%
7 Anders Bardal
54%
8 Bjørn Einar Romøren
54%
5 Roman Koudelka
54%
4 Wolfgang Loitzl
54%
2 Jurij Tepeš
51%
5 Michael Hayböck
51%
2 Thomas Diethart
51%
18 Andreas Widhölzl
49%
5 Martin Koch
49%
11 Roar Ljøkelsøy
49%
6 Roberto Cecon
49%
10 Anders Jacobsen
46%
1 Johan Remen Evensen
46%
9 Masahiko Harada
46%
25 Andreas Felder
44%
1 Andreas Stjernen
44%
12 Dieter Thoma
44%
1 Hroar Stjernen
44%
1 Krzysztof Biegun
44%
4 Anders Fannemel
41%
13 Armin Kogler
41%
5 Jan Boklöv
41%
5 Takanobu Okabe
41%
8 Espen Bredesen
39%
3 Harri Olli
39%
3 Janne Happonen
39%
1 Jan Ziobro
39%
2 Jernej Damjan
39%
1 Kenneth Gangnes
39%
2 Lovro Kos
39%
8 Martin Höllwarth
39%
2 Michael Uhrmann
39%
3 Piotr Fijas
39%
9 Toni Nieminen
39%
9 Ari-Pekka Nikkola
37%
6 Pius Paschke
37%
9 Primož Ulaga
37%
6 Sigurd Pettersen
37%
2 Stefan Horngacher
37%
1 Akira Satō
34%
1 Anssi Koivuranta
34%
15 Ernst Vettori
34%
12 Horst Bulau
34%
8 Hubert Neuper
34%
1 Stephan Leyhe
34%
3 Tom Hilde
34%
2 Yukiya Satō
34%
5 Andreas Küttel
32%
3 Daniel Huber
32%
1 Evgenii Klimov
32%
1 Lars Bystøl
32%
7 Vegard Opaas
32%
1 Ville Larinto
32%
1 Anže Semenič
29%
2 Jan Matura
29%
10 Pavel Ploc
29%
2 Risto Jussilainen
29%
1 Stanisław Bobak
29%
1 Florian Liegl
27%
1 Nicolas Dessum
27%
1 Ren Nikaido
27%
2 Heinz Kuttin
24%
4 Jaroslav Sakala
24%
2 Toni Innauer
24%
1 Hideharu Miyahira
22%
2 Hiroya Saitō
22%
4 Jani Soininen
22%
1 Peter Žonta
22%
6 Werner Rathmayr
22%
1 Jaka Hvala
20%
3 Jiří Parma
20%
1 Rok Urbanc
20%
1 Rolf Åge Berg
20%
1 Tami Kiuru
20%
1 Žiga Jelar
20%
4 František Jež
17%
5 Jari Puikkonen
17%
4 Ole Gunnar Fidjestøl
17%
9 Roger Ruud
17%
1 Steve Collins
17%
2 Ville Kantee
17%
3 Per Bergerud
15%
2 Reinhard Schwarzenberger
15%
2 Risto Laakkonen
15%
1 Stephan Hocke
15%
4 Stephan Zünd
15%
1 Manfred Steiner
12%
1 Martin Švagerko
12%
5 Mika Laitinen
12%
6 Ole Bremseth
12%
1 Andreas Bauer
10%
1 Christian Nagiller
10%
1 Christof Duffner
10%
1 Franci Petek
10%
1 Mikael Martinsson
10%
1 Staffan Tällberg
10%
1 Tuomo Ylipulli
10%
2 Ulf Findeisen
10%
2 Akira Higashi
7%
2 Erik Johnsen
7%
1 Fumihisa Yumoto
7%
1 Gerd Siegmund
7%
1 Hirokazu Yagi
7%
1 Ivan Lunardi
7%
1 Jouko Törmänen
7%
1 Kimmo Savolainen
7%
2 Kristian Brenden
7%
1 Manfred Deckert
7%
1 Mike Holland
7%
2 André Kiesewetter
5%
1 Arttu Lappi
5%
2 Franz Neuländtner
5%
1 Hansjörg Sumi
5%
1 Johan Sætre
5%
1 Jon Inge Kjørum
5%
2 Klaus Ostwald
5%
4 Masahiro Akimoto
5%
2 Pekka Suorsa
5%
1 Ralph Gebstedt
5%
1 Vladimír Podzimek
5%
1 Werner Haim
5%
2 Alois Lipburger
2%
1 Hans Wallner
2%
1 Steinar Bråten
2%
1 Dag Holmen-Jensen
0%
1 Hans Millonig
0%
1 Jeff Hastings
0%
1 Jochen Danneberg
0%
1 John Broman
0%
1 Martin Weber
0%
1 Tom Christiansen
0%
No matching quizzes found
Score Distribution
Percent of People with Each Score
Percentile by Number Answered
Your Score History
You have not taken this quiz since the last reset